01017 a2200205 4500003000500000005001700005010001600022020001500038040000900053082002000062100003200082245005900114260004900173300002900222505036600251650003500617942001200652999001900664952012800683Nust20221206123959.0 a 78021522 a0136935494 cNust00a621.3815483,DOU2 aDouglas-young, John.97562610aPractical oscilloscope handbook /cJohn Douglas-Young. aWest Nyack, N.Y. :bParker Pub. Co.,cc1979. a224 p. :bill. ;c24 cm. aUnderstanding Oscilloscopes (Page-15), Focusing on the CRT (Page-27), Vertical Amplifier (Page-55), Generating the Sweep (Page-79), Triggering and Amplifying the Sweep (Page-163), Using Waveforms (Page-123), Using your Scope for Troubleshooting (Page-145), Alignment of TV and FM (Page-161), Waveform Analysis (Page-179), Calibration and Maintenance (Page-203). 0aTelecommunication Engineering. 2ddccBK c182475d182475 00102ddc4070aMCSbMCScGENd2016-12-12o621.3815483,DOUpMCS5790r2016-12-08w2016-12-12yBKzAlmirah No.34, Shelf No.6